Chân dung tử tù yêu nước việt nam Trong sự nghiệp đấu tranh giữ nước (1858 - 1975)

Zapisane w:
Opis bibliograficzny
1. autor: Thiên Vũ Võ Huy Quang (Sưu tầm)
Format: Książka
Wydane: H. Thanh Niên 2009
Hasła przedmiotowe:
Etykiety: Dodaj etykietę
Nie ma etykietki, Dołącz pierwszą etykiete!
Thư viện lưu trữ: Trung tâm Học liệu Lê Vũ Hùng, Trường Đại học Đồng Tháp
LEADER 00807pam a22002178a 4500
001 00025826
005 20171026081023.0
008 110811s2009 ||||||Viesd
020 |c 360000 
041 0 # |a Vie 
082 1 4 |a 959.709 2  |b CH121D 
100 0 # |a Thiên Vũ Võ Huy Quang  |e Sưu tầm 
245 0 0 |a Chân dung tử tù yêu nước việt nam  |b Trong sự nghiệp đấu tranh giữ nước (1858 - 1975)  |c Thiên Vũ Võ Huy Quang 
260 # # |a H.  |b Thanh Niên  |c 2009 
300 # # |a 239 tr.  |b Hình ảnh  |c 26 cm. 
653 # # |a Nhà yêu nước việt nam 
653 # # |a nhà cách mạng 
852 # # |b Kho đọc  |j KD.0010524 
852 # # |j KD.0010524 
910 |d 11/08/2011 
980 # # |a Trung tâm Học liệu Lê Vũ Hùng, Trường Đại học Đồng Tháp